000 00268nam a2200121Ia 4500
008 190216s9999||||xx |||||||||||||| ||und||
100 _aGanguly.C
245 0 _aGeneral Botany
260 _bVikas Publishing House
300 _axxxiiip
650 _aBotany
942 _cBK
999 _c1294
_d1294